| 000 | 01397nam0a22002891 4500 | ||
|---|---|---|---|
| 001 | RU\INFOCOMM_327\NLR\5000063483 | ||
| 005 | 20250613112606.0 | ||
| 035 | _a(NLR Aleph) 009613989 | ||
| 090 |
_a9390054 _c9390054 |
||
| 100 | _a20130318d1966 |||y0rusy50 ca | ||
| 101 | 1 |
_aeng _crus |
|
| 102 | _aRU | ||
| 105 | _ay z ||||| | ||
| 200 | 1 |
_aNatural nidality of transmissible diseases in relation to landscape epidemiology of zooan throponoses _fAcad. E. Pavlovsky _gTransl. from the Russ. by Yuri Shirokov |
|
| 210 |
_aM. _c"Peace" _d[1966] |
||
| 215 |
_a251 с., 1 л. цв. ил. _cил., карт. _d22 см |
||
| 300 | _aДоп. тит. л. на рус. яз.: Акад. Е. Павловский. Природная очаговость трансмиссивных болезней в связи с ландшафтной эпидемиологией зооантропонозов | ||
| 320 | _aБиблиогр.: с. 230-245 | ||
| 513 | 1 |
_aПриродная очаговость трансмиссивных болезней в связи с ландшафтной эпидемиологией зооантропонозов _zrus |
|
| 620 | _aМосква | ||
| 686 |
_aМе3-1000 _2rubbk |
||
| 700 | 1 |
_aPavlovskij _bE. N. _f1884-1965 _gEvgenij Nikanorovič |
|
| 801 | 1 |
_aRU _bInfocomm _c20130318 |
|
| 801 | 0 |
_aRU _bINFOCOMM _gPSBO |
|
| 852 |
_aNLR _jМд97 Г-5/254 |
||
| 942 | _cBOOK | ||
| 980 | _aNB | ||